orientacje seksualne - Statystyki

Ogólne statystyki
  • Ten quiz został rozwiązany 1 880 razy
  • Średni wynik to 4 z 5
Statystyki odpowiedzi
Hint Odpowiedź % Poprawnych
seksualne podniecenie płcią przeciwną heteroseksualizm
97%
seksualne podniecenie swoją płcią homoseksualizm
94%
seksualne podniecenie swoją płcią i płcią przeciwną biseksualizm
79%
brak seksualnego podniecenia aseksualizm
66%
seksualne podniecenie wszystkimi płciami panseksualizm
53%
Nie znaleziono quizów pasujących do podanych kryteriów
Rozkład punktacji
Procent ludzi z każdym wynikiem
Percentyl według liczby udzielonych odpowiedzi
Twoja historia wyników
Nie rozwiązałeś tego quizu